HUMAN RESOURCE MANAGEMENT FOR HOSPITALITY AND TOURISM INDUSTRIES (Record no. 206138)
[ view plain ]
| 000 -LEADER | |
|---|---|
| fixed length control field | 00279nam a2200097Ia 4500 |
| 050 ## - LIBRARY OF CONGRESS CALL NUMBER | |
| Classification number | TX 911.3 .P4 N33 2007 |
| 100 ## - MAIN ENTRY--PERSONAL NAME | |
| Personal name | NICKSON,DENNIS |
| 245 #0 - TITLE STATEMENT | |
| Title | HUMAN RESOURCE MANAGEMENT FOR HOSPITALITY AND TOURISM INDUSTRIES |
| 942 ## - ADDED ENTRY ELEMENTS (KOHA) | |
| Koha item type | Long Loan Book |
| Withdrawn status | Lost status | Source of classification or shelving scheme | Damaged status | Not for loan | Home library | Current library | Shelving location | Date acquired | Inventory number | Total checkouts | Full call number | Barcode | Date last seen | Copy number | Price effective from | Koha item type |
|---|---|---|---|---|---|---|---|---|---|---|---|---|---|---|---|---|
| Library of Congress Classification | Kisii University Library | Kisii University Library | On Display | 05/26/2025 | 28356 | TX 911.3 P4 N33 2007 | 038338 | 05/26/2025 | C.1 | 05/26/2025 | Long Loan Book |